000
00433nam a2200145Ia 4500
008
090124s9999 xx 000 0 und d
082
_b
402587
245
_a
थोरांच्या नवलकथा
250
_a
1
260
_b
देवळे श.रा.
_c
1991
300
_a
64
630
_a
थोरांच्या नवलकथा
730
_a
थोरांच्या नवलकथा
942
_c
BOOK
999
_c
199047
_d
199047